Buyer's guide to a greener home (Record no. 108140)

MARC details
000 -LEADER
fixed length control field 01354cad a22002535a 4500
001 - CONTROL NUMBER
control field L143393
008 - FIXED-LENGTH DATA ELEMENTS--GENERAL INFORMATION
fixed length control field 080501s2008 xxk f 000 0 eng d
035 ## - SYSTEM CONTROL NUMBER
System control number (Sirsi) u143393
041 0# - LANGUAGE CODE
Language code of text/sound track or separate title eng
050 04 - LIBRARY OF CONGRESS CALL NUMBER
Classification number 333.333 $2 18
110 2# - MAIN ENTRY--CORPORATE NAME
Corporate name or jurisdiction name as entry element Sponge Sustainability Network
9 (RLIN) 5116
245 00 - TITLE STATEMENT
Title Buyer's guide to a greener home
Medium [electronic resource]
260 ## - PUBLICATION, DISTRIBUTION, ETC.
Place of publication, distribution, etc. London
Name of publisher, distributor, etc. Sponge
Date of publication, distribution, etc. 2008
520 ## - SUMMARY, ETC.
Summary, etc. Question and answer format guide aims to provide buyers with the information they need to make an assessment of the sustainability of houses. Looks at key aspects of various parts of the home. Provides simple, practical tips geared to each aspect. Looks at the house's energy efficiency, water supply, waste and construction materials. Also considers local amenities, transport links and the potential for healthy living in the area. Includes a summary of key questions to ask sellers and their agents.
521 2# - TARGET AUDIENCE NOTE
Target audience note Introductory
590 ## - LOCAL NOTE (RLIN)
Local note KA
651 #4 - SUBJECT ADDED ENTRY--GEOGRAPHIC NAME
Geographic name United Kingdom
Chronological subdivision
690 ## - LOCAL SUBJECT ADDED ENTRY--TOPICAL TERM (OCLC, RLIN)
Topical term or geographic name as entry element PROPERTY-RESIDENTIAL PROPERTY-ACQUISITION AND DISPOSAL OF RESIDENTIAL PROPERTY
710 1# - ADDED ENTRY--CORPORATE NAME
Corporate name or jurisdiction name as entry element United Kingdom
Subordinate unit Department for Environment, Food and Rural Affairs
710 2# - ADDED ENTRY--CORPORATE NAME
Corporate name or jurisdiction name as entry element Drivers Jonas
9 (RLIN) 1941
710 2# - ADDED ENTRY--CORPORATE NAME
Corporate name or jurisdiction name as entry element Fulcrum Consulting
9 (RLIN) 5540
856 40 - ELECTRONIC LOCATION AND ACCESS
Uniform Resource Identifier <a href="https://www.spongenet.org/buyersguide/">https://www.spongenet.org/buyersguide/</a>
Public note View the item free of charge at www.spongenet.org...
942 ## - ADDED ENTRY ELEMENTS (KOHA)
Suppress in OPAC 0
Holdings
Withdrawn status Lost status Source of classification or shelving scheme Damaged status Not for loan Home library Current library Shelving location Date acquired Total Checkouts Full call number Barcode Date last seen Copy number Price effective from Koha item type
    Dewey Decimal Classification     Virtual Virtual Online 01/05/2008   ONLINE PUBLICATION 143393-1001 06/08/2019 1 06/08/2019 Book